LEADER 02370nam0 2200505 i 450 001 VAN0113900 005 20230705114214.187 017 70$2N$a9783319267128 100 $a20180122d2015 |0itac50 ba 101 $aeng 102 $aCH 105 $a|||| ||||| 200 1 $aExcel 2013 for educational and psychological statistics$ea guide to solving practical problems$fThomas J. Quirk 210 $a[Cham]$cSpringer$d2015 215 $aXV, 258 p.$cill.$d24 cm 410 1$1001VAN0104044$12001 $aExcel for Statistics$1210 $aBerlin [etc.]$cSpringer 500 1$3VAN0235002$aExcel 2013 for educational and psychological statistics : a guide to solving practical problems$92440594 606 $a62-XX$xStatistics [MSC 2020]$3VANC022998$2MF 606 $a97-XX$xMathematics education [MSC 2020]$3VANC023813$2MF 606 $a62P25$xApplications of statistics to social sciences [MSC 2020]$3VANC031206$2MF 610 $aApplied Psychological Statistics$9KW:K 610 $aApplied Statistics$9KW:K 610 $aBasic Psychological Statistics$9KW:K 610 $aEducational Statistics with Excel 2013$9KW:K 610 $aExcel 2013$9KW:K 610 $aExcel 2013 Psychological Statistics$9KW:K 610 $aExcel Educational Statistics$9KW:K 610 $aExcel Guide$9KW:K 610 $aExcel Statistics$9KW:K 610 $aPractical Educational Statistics$9KW:K 610 $aPractical Psychological Statistics$9KW:K 610 $aPsychological Statistics with Excel 2013$9KW:K 610 $aStatistics for Educators$9KW:K 610 $aStatistics for Psychologists$9KW:K 620 $aCH$dCham$3VANL001889 700 1$aQuirk$bThomas J.$3VANV080581$0721655 712 $aSpringer $3VANV108073$4650 801 $aIT$bSOL$c20240614$gRICA 856 4 $uhttp://dx.doi.org/10.1007/978-3-319-26712-8$zE-book ? Accesso al full-text attraverso riconoscimento IP di Ateneo, proxy e/o Shibboleth 899 $aBIBLIOTECA DEL DIPARTIMENTO DI MATEMATICA E FISICA$1IT-CE0120$2VAN08 912 $fN 912 $aVAN0113900 950 $aBIBLIOTECA DEL DIPARTIMENTO DI MATEMATICA E FISICA$d08CONS e-book 0193 $e08eMF193 20180122 996 $aExcel 2013 for educational and psychological statistics : a guide to solving practical problems$92440594 997 $aUNICAMPANIA LEADER 02172nam0 2200481 i 450 001 VAN0124918 005 20230630100357.936 017 70$2N$a9783319715834 100 $a20191028d2018 |0itac50 ba 101 $aeng 102 $aCH 105 $a|||| ||||| 200 1 $aOperational research$eIO2017, Valença, Portugal, June 28-30$fA. Ismael F. Vaz ... [et al.] editors 210 $aCham$cSpringer$d2018 215 $axi, 433 p.$cill.$d24 cm 410 1$1001VAN0102574$12001 $aSpringer proceedings in mathematics & statistics$1210 $aBerlin [etc.]$cSpringer$v223 500 1$3VAN0236414$aOperational research : IO2017, Valença, Portugal, June 28-30$9228930 606 $a90Bxx$xOperations research and management science [MSC 2020]$3VANC019945$2MF 606 $a90Cxx$xMathematical programming [MSC 2020]$3VANC020086$2MF 606 $a00B25$xProceedings of conferences of miscellaneous specific interest [MSC 2020]$3VANC020732$2MF 606 $a90-XX$xOperations research, mathematical programming [MSC 2020]$3VANC025650$2MF 610 $aClustering analysis$9KW:K 610 $aData envelopment analysis$9KW:K 610 $aLogistics$9KW:K 610 $aMixed integer programming$9KW:K 610 $aModeling$9KW:K 610 $aNonlinear Programming$9KW:K 610 $aOptimization$9KW:K 610 $aRouting$9KW:K 610 $aScheduling$9KW:K 610 $aSupply chain$9KW:K 620 $aCH$dCham$3VANL001889 702 1$aVaz$bA. Ismael F.$3VANV096343 712 12$aCongress of APDIO$d18.$f2017$eValença, Portugal$3VANV096344 712 $aSpringer $3VANV108073$4650 801 $aIT$bSOL$c20240614$gRICA 856 4 $uhttp://doi.org/10.1007/978-3-319-71583-4$zE-book ? Accesso al full-text attraverso riconoscimento IP di Ateneo, proxy e/o Shibboleth 899 $aBIBLIOTECA DEL DIPARTIMENTO DI MATEMATICA E FISICA$1IT-CE0120$2VAN08 912 $fN 912 $aVAN0124918 950 $aBIBLIOTECA DEL DIPARTIMENTO DI MATEMATICA E FISICA$d08CONS e-book 1292 $e08eMF1292 20191028 996 $aOperational Research$9228930 997 $aUNICAMPANIA LEADER 02986nam0 22006853i 450 001 VAN00265397 005 20240806101517.677 010 $a978-16-11-97640-3 100 $a20231026d2021 |0itac50 ba 101 $aeng 102 $aUS 105 $a|||| ||||| 200 1 $aNonnegative matrix factorization$fNicolas Gillis 210 $aPhiladelphia$cSIAM$d2021 215 $axix, 350 p.$cill.$d26 cm 410 1$1001VAN00258348$12001 $aData science book series$1210 $aPhiladelphia$cSIAM$v2 606 $a15-XX$xLinear and multilinear algebra; matrix theory [MSC 2020]$3VANC020607$2MF 606 $a15A23$xFactorization of matrices [MSC 2020]$3VANC023159$2MF 606 $a15B48$xPositive matrices and their generalizations; cones of matrices [MSC 2020]$3VANC019936$2MF 606 $a65F55$xNumerical methods for low-rank matrix approximation; matrix compression [MSC 2020]$3VANC037610$2MF 606 $a68-XX$xComputer science [MSC 2020]$3VANC019670$2MF 606 $a68T09$xComputational aspects of data analysis and big data [MSC 2020]$3VANC035916$2MF 606 $a68T10$xPattern recognition, speech recognition [MSC 2020]$3VANC020788$2MF 610 $aComputational complexity$9KW:K 610 $aDictionary learning$9KW:K 610 $aGene expression analysis$9KW:K 610 $aHyperspectral Imaging$9KW:K 610 $aMatrix Factorization$9KW:K 610 $aNon-linear optimization$9KW:K 610 $aNonnegative matrix factorization$9KW:K 610 $aPrincipal component analysis$9KW:K 610 $aRecommender systems$9KW:K 610 $aSingular value decomposition$9KW:K 610 $aSparsity$9KW:K 610 $aTopic modeling$9KW:K 610 $aaudio source separation$9KW:K 610 $abeta-divergences$9KW:K 610 $ablind source separation$9KW:K 610 $ablock coordinate descent methods$9KW:K 610 $acommunication complexity$9KW:K 610 $aextended formulations$9KW:K 610 $afeature extraction$9KW:K 610 $aidentifiability$9KW:K 610 $alinear dimensionality reduction$9KW:K 610 $alow-rank matrix approximations$9KW:K 610 $amultiplicative updates$9KW:K 610 $anested polytope problem$9KW:K 610 $anonnegative rank$9KW:K 610 $aself-modeling curve resolution$9KW:K 610 $aseparability$9KW:K 620 $dPhiladelphia$3VANL000037 700 1$aGillis$bNicolas$3VANV218746$01430938 712 $aSIAM $3VANV108794$4650 801 $aIT$bSOL$c20250613$gRICA 856 4 $u/sebina/repository/catalogazione/documenti/GILLIS.pdf$zGILLIS.pdf 899 $aBIBLIOTECA DEL DIPARTIMENTO DI MATEMATICA E FISICA$1IT-CE0120$2VAN08 912 $aVAN00265397 950 $aBIBLIOTECA DEL DIPARTIMENTO DI MATEMATICA E FISICA$d08PREST 68-XX 1598 $e08DMF826 I 20231026 996 $aNonnegative matrix factorization$93571190 997 $aUNICAMPANIA